000
00244nam a2200097Ia 4500
082
_a
641.8654 SHIR
245
0
_a
Cookie magic
100
_a
SHIRAZI, Kate London, 2009
_9
83135
942
_c
BK
008
210817s9999 xx 000 0 und d
999
_c
392826
_d
392826